000 00234nam a2200097Ia 4500
001 766516
005 20250826165342.0
008 250824s9999 xx 000 0 und d
245 0 _aGECE UÇUŞU
_cEXUPERY
260 _bATLIKARINCA YAYINLARI
999 _c766516
_d766516